| 000 | 00493cam a2200205ua 4500 | ||
|---|---|---|---|
| 001 | 3329 | ||
| 005 | 20260515113650.0 | ||
| 008 | 111017n ii |||gr||||Z||||||asm | ||
| 040 | _cMAIN | ||
| 082 | _a891.4513 | ||
| 100 | 1 | _aDesai, Santinath, | |
| 245 | 1 | 1 |
_aMukti _cby Santinath Desai |
| 250 | _a1st. | ||
| 260 |
_aNew Delhi: _bNational book trust ,986. |
||
| 300 |
_a212p: _c23cm. |
||
| 653 | _aAssamese novel | ||
| 653 | _aMukti | ||
| 700 |
_aSaikia, Nagen, _eTranslated., |
||
| 942 | _cBK | ||
| 999 |
_c3172 _d3172 |
||